|
|
|
|
| LEADER |
01833nam a2200433 a 4500 |
| 001 |
EBC144738 |
| 003 |
MiAaPQ |
| 005 |
20200520144314.0 |
| 006 |
m o d | |
| 007 |
cr cn||||||||| |
| 008 |
961210s1997 enkab sb 001 0 eng |
| 010 |
|
|
|z 96053322
|
| 020 |
|
|
|z 0521591775 (hb)
|
| 035 |
|
|
|a (MiAaPQ)EBC144738
|
| 035 |
|
|
|a (Au-PeEL)EBL144738
|
| 035 |
|
|
|a (CaPaEBR)ebr10014914
|
| 035 |
|
|
|a (CaONFJC)MIL15322
|
| 035 |
|
|
|a (OCoLC)437072983
|
| 040 |
|
|
|a MiAaPQ
|c MiAaPQ
|d MiAaPQ
|
| 050 |
|
4 |
|a HC427.6
|b .M37 1997
|
| 082 |
0 |
4 |
|a 333.73/0951/2
|2 21
|
| 100 |
1 |
|
|a Marks, Robert,
|d 1949-
|
| 245 |
1 |
0 |
|a Tigers, rice, silk, and silt
|h [electronic resource] :
|b environment and economy in late imperial south China /
|c Robert B. Marks.
|
| 260 |
|
|
|a Cambridge [England] ;
|a New York :
|b Cambridge University Press,
|c 1997.
|
| 300 |
|
|
|a xix, 383 p. :
|b ill., maps.
|
| 490 |
1 |
|
|a Studies in environment and history
|
| 504 |
|
|
|a Includes bibliographical references (p. 346-370) and index.
|
| 533 |
|
|
|a Electronic reproduction. Ann Arbor, MI : ProQuest, 2015. Available via World Wide Web. Access may be limited to ProQuest affiliated libraries.
|
| 650 |
|
0 |
|a Economic development
|x Environmental aspects
|z China
|x History.
|
| 650 |
|
0 |
|a Nature
|x Effect of human beings on
|z China
|x History.
|
| 650 |
|
0 |
|a Human beings
|x Effect of environment on
|z China
|x History.
|
| 651 |
|
0 |
|a Guangdong Sheng (China)
|x Economic conditions.
|
| 651 |
|
0 |
|a Guangxi Zhuangzu Zizhiqu (China)
|x Economic conditions.
|
| 651 |
|
0 |
|a China
|x History
|y Ming dynasty, 1368-1644.
|
| 651 |
|
0 |
|a China
|x History
|y Qing dynasty, 1644-1912.
|
| 655 |
|
4 |
|a Electronic books.
|
| 710 |
2 |
|
|a ProQuest (Firm)
|
| 830 |
|
0 |
|a Studies in environment and history.
|
| 856 |
4 |
0 |
|u https://ebookcentral.proquest.com/lib/matrademy/detail.action?docID=144738
|z Click to View
|